• 首页
  • 本馆介绍
  • 公告通知
  • 最新文献
  • 馆藏检索
  • 电子资源
  • 读者导购
  • 参考咨询
  • 我的图书馆
  • 登录
  • 详细信息显示
  • 放入我的书架
  • 预约/预借图书
  • 作者相关作品
  • 分类相关作品
  • 丛书相关作品
  • 出版社相关作品

书目信息

  • 表格格式
  • 工作单格式
  • 卡片格式
题名:
左氏百川学海
    
 
作者: 左圭 辑
分册: 第二十四册  
出版信息:    
页数: 全一册
开本: 17.5*13cm
丛书名: 影刻咸淳本左氏百川学海
单 册:
中图分类: Z121.4
科图分类:
主题词: 丛书--中国
电子资源:
ISBN:
000 00661nam0 2200217 450
001 0660581094
005 20061017170301.79
010    @b线装@dCNY210.00(本函)
100    @a20061017d km y0chiy0120 ea
101 0  @achi
200 1  @a左氏百川学海@Azuo shi bai chuan xue hai@h第二十四册@f(宋)左圭辑@F(song)zuo gui ji
215    @a全一册@d17.5*13cm
225 2  @a影刻咸淳本左氏百川学海@h火
300    @a第19-24册为一函
305    @a本书为北京市中国书店影印武进陶氏涉园版本线装
410  0 @12001 @a影刻咸淳本左氏百川学海
606 0  @a丛书@x中国
690    @aZ121.4@v3
701  0 @a左圭@Azuo gui@4辑
801  0 @aCN@bPFT@c20061017
905    @a10447@dZ121.4@e2:24
    
    左氏百川学海.第二十四册/(宋)左圭辑
    全一册;17.5*13cm.-(影刻咸淳本左氏百川学海.火)
    第19-24册为一函
    
    ISBN (线装):CNY210.00(本函)
    
●
相关链接 在E读中查询图书 在五车中查询图书 在当当中查询图书 在豆瓣中查询图书


正题名:左氏百川学海     索取号:Z121.4/2:24         预约/预借

序号 登录号 条形码 馆藏地/架位号 状态 备注
1 0222045   202408135   古籍典藏专区/ [索取号:Z121.4/2:24] 在馆    
2 0222051   202408199   古籍典藏专区/ [索取号:Z121.4/2:24] 在馆    
唐山师范学院图书馆 欢迎您!
大连网信软件有限公司© 版权所有